000 00443nam a2200181Ia 4500
001 14210
005 20260306164857.0
008 260306t2000||||xx |||||||||||||| ||spa||
041 _aESP
082 _a510.0711
_bL58
100 _aLial, Margaret L.
_eAUT
245 0 _aMatemáticas para administración y economía
260 _c2000
300 _a720 páginas :
_c25 cm.
650 _aGEN
654 _aCMA
942 _cLIB
_dJUS
_fJUS
_2ddc
_n
999 _c14210
_d14210